Recopilación en metro del bachiller Diego Sánchez de Badajoz / (Record no. 164555)
[ view plain ]
| 000 -LEADER | |
|---|---|
| campo de control de longitud fija | 00907nam a22002175i 4500 |
| 001 - NÚMERO DE CONTROL | |
| campo de control | 164555 |
| 003 - IDENTIFICADOR DE NÚMERO DE CONTROL | |
| campo de control | ES-MaACL |
| 005 - FECHA Y HORA DE LA ÚLTIMA TRANSACCIÓN | |
| campo de control | 20250824211013.0 |
| 008 - DATOS DE LONGITUD FIJA--INFORMACIÓN GENERAL | |
| campo de control de longitud fija | 990129m18821886sp a |||| | spa d |
| 040 ## - FUENTE DE CATALOGACIÓN | |
| Centro catalogador/agencia de origen | M-RABA |
| Lengua de catalogación | spa |
| Centro/agencia transcriptor | M-RABA |
| Centro/agencia modificador | CCPB | B |
| 100 2# - ENTRADA PRINCIPAL--NOMBRE DE PERSONA | |
| Nombre de persona | Sánchez de Badajoz, Diego, |
| Fechas asociadas al nombre | ca. 1479-ca. 1545 |
| 9 (RLIN) | 133019 |
| 245 10 - MENCIÓN DEL TÍTULO | |
| Título | Recopilación en metro del bachiller Diego Sánchez de Badajoz / |
| Mención de responsabilidad, etc. | reimpresa del ejemplar único por V. Barrantes. |
| 260 ## - PUBLICACIÓN, DISTRIBUCIÓN, ETC. | |
| Lugar de publicación, distribución, etc. | Madrid : |
| Nombre del editor, distribuidor, etc. | Librería de los Bibliófilos : |
| -- | Fernando Fé, |
| Fecha de publicación, distribución, etc. | 1882-1886 ( |
| Fabricante | Establecimiento Tipográfico de Ricardo Fé) |
| 300 ## - DESCRIPCIÓN FÍSICA | |
| Extensión | 2 v. ; |
| Dimensiones | 19 cm. |
| 490 1# - MENCIÓN DE SERIE | |
| Mención de serie | Libros de antaño ; |
| Designación de volumen o secuencia | 11-12 |
| 597 #1 - NOTA DE DESCRIPCIÓN FÍSICA | |
| NOTA DE DESCRIPCIÓN FÍSICA | V.1. (XVIII, 442 p., 1 h. de lám.) -- V.2. (435 p.) |
| 700 1# - ENTRADA AGREGADA--NOMBRE PERSONAL | |
| Nombre de persona | Barrantes, Vicente, |
| Fechas asociadas al nombre | 1829-1898 |
| 9 (RLIN) | 25851 |
| 830 00 - PUNTO DE ACCESO ADICIONAL DE SERIE-TÍTULO UNIFORME | |
| Título uniforme | Libros de antaño |
| Designación de volumen o secuencia | 11-12 |
| 9 (RLIN) | 188315 |
| 852 ## - LOCALIZACIÓN | |
| Ubicación | ES-MaACL |
| Número de control de estantería | F-13540-41 |
| Nota libre | -- Enc. tela |
| Estatus retirado | Estado de pérdida | Estado de daño | No para préstamo | Colección | Biblioteca de origen | Biblioteca actual | Ubicación en estantería | Fecha de adquisición | Total de préstamos | Signatura topográfica completa | Código de barras | Visto por última vez | Precio de reemplazo | Tipo de ítem Koha |
|---|---|---|---|---|---|---|---|---|---|---|---|---|---|---|
| Libros del s. XIX | Biblioteca del Ateneo de Madrid | Biblioteca del Ateneo de Madrid | Sala Pecera Planta 2 | 17/01/2008 | F-13540-41 | 1172493 | 23/02/2023 | 23/02/2023 | Libro impreso antiguo |
